Opening Pandora's box - the Method of Measurement for Highway Works (MMHW): Part 11 - where there's muck, there's brass (Record no. 75268)
[ view plain ]
| 000 -LEADER | |
|---|---|
| fixed length control field | 01358cab a2200181 4500 |
| 001 - CONTROL NUMBER | |
| control field | L129779 |
| 008 - FIXED-LENGTH DATA ELEMENTS--GENERAL INFORMATION | |
| fixed length control field | 050519n2005 000 0 eng u |
| 035 ## - SYSTEM CONTROL NUMBER | |
| System control number | (Sirsi) u129779 |
| 041 ## - LANGUAGE CODE | |
| Language code of text/sound track or separate title | eng |
| 100 ## - MAIN ENTRY--PERSONAL NAME | |
| Personal name | Mitchell, Hamish |
| 245 ## - TITLE STATEMENT | |
| Title | Opening Pandora's box - the Method of Measurement for Highway Works (MMHW): Part 11 - where there's muck, there's brass |
| 260 ## - PUBLICATION, DISTRIBUTION, ETC. | |
| Date of publication, distribution, etc. | 2005 |
| 490 ## - SERIES STATEMENT | |
| Series statement | Civil Engineering Surveyor |
| Volume/sequential designation | May 2005, 21-23(3) |
| 520 ## - SUMMARY, ETC. | |
| Summary, etc. | Examines the problem of co-ordinating and measuring earthworks on highway contracts. Suggests making it clear in the works preamble that the work will be measured as billed, regardless of the contractors chosen method of undertaking the work, to avoid later conflicts. Gives advice on general measurement, classification of materials, assessing acceptable material, rendering unacceptable material acceptable, and soft spots and other voids. Concludes MMHW/MMRW provides an adequate method of measuring earthworks, providing it is remembered that it is not an exact science. Any variance in the balance between acceptable and unacceptable materials can disrupt the contractor's programme and lead to claims for extra costs. (See also Abs67770, Abs67769, Abs67964, Abs68163, Abs68280, Abs68473, Abs68677, Abs68871, L129543) |
| 590 ## - LOCAL NOTE (RLIN) | |
| Local note | IKA190505 |
| 690 ## - LOCAL SUBJECT ADDED ENTRY--TOPICAL TERM (OCLC, RLIN) | |
| Topical term or geographic name as entry element | Quantity surveying |
| 9 (RLIN) | 6263 |
| 942 ## - ADDED ENTRY ELEMENTS (KOHA) | |
| Suppress in OPAC | 0 |
| Withdrawn status | Lost status | Source of classification or shelving scheme | Damaged status | Not for loan | Home library | Current library | Shelving location | Date acquired | Total Checkouts | Full call number | Barcode | Date last seen | Copy number | Price effective from | Koha item type |
|---|---|---|---|---|---|---|---|---|---|---|---|---|---|---|---|
| Dewey Decimal Classification | London | London | Journal article | 19/05/2005 | L129779 | 129779-1001 | 06/08/2019 | 1 | 06/08/2019 | Journal article |